K niektorým aspektom vývoja ekonomiky Angoly
História Angoly. Vývoj ekonomiky v Angole. Chudoba, vysoká vonkajšia zadlženosť, problémy v sociálnej sfére. Rozsiahle prírodné zdroje Angoly, veľké zásoby ropy a diamantov. Čínske investície v Angole. Potreba rozsiahlych investícií do zdravotníctva, stravovania a vzdelávania.
Salvato in:
| Autore principale: | |
|---|---|
| Natura: | Capitolo di libro |
| Lingua: | slovacco |
| Soggetti: | |
| Tags: |
Nessun Tag, puoi essere il primo ad aggiungerne!!
|
MARC
| LEADER | 00000naa$a2200000$$$4500 | ||
|---|---|---|---|
| 001 | 0287122 | ||
| 005 | 20240502074419.8 | ||
| 041 | 0 | |a slo | |
| 044 | |a SK | ||
| 245 | 1 | 0 | |a K niektorým aspektom vývoja ekonomiky Angoly |c Leonid Raneta |
| 520 | |a História Angoly. Vývoj ekonomiky v Angole. Chudoba, vysoká vonkajšia zadlženosť, problémy v sociálnej sfére. Rozsiahle prírodné zdroje Angoly, veľké zásoby ropy a diamantov. Čínske investície v Angole. Potreba rozsiahlych investícií do zdravotníctva, stravovania a vzdelávania. | ||
| 610 | 2 | 0 | |a rozvoj hospodársky |
| 610 | 2 | 0 | |a zdroje prírodné |
| 610 | 2 | 0 | |a ropa |
| 610 | 2 | 0 | |a diamanty |
| 610 | 2 | 0 | |a investície |
| 610 | 2 | 0 | |a chudoba |
| 610 | 2 | 0 | |a Angola |
| 100 | 1 | |a Raneta, Leonid, 1982- | |